[Event "Vaujany"]
[Site "?"]
[Date "2015.07.13"]
[Round "5.9"]
[White "Bulmaga, Irina"]
[Black "Van Foreest, Lucas"]
[Result "1/2-1/2"]
[WhiteElo "2393"]
[BlackElo "2294"]
[PlyCount "69"]
[SourceDate "2015.07.09"]

1. e4 e5 2. Nf3 Nc6 3. Bc4 Nf6 4. d3 Be7 5. O-O O-O 6. Re1 d6 7. a4 Na5 8. Ba2
c5 9. Nc3 Nc6 10. Bd2 Bg4 11. h3 Bh5 12. Nd5 Nxd5 13. Bxd5 Bxf3 14. Qxf3 Bg5
15. Bxg5 Qxg5 16. c3 Ne7 17. Bc4 Kh8 18. Qg4 Qxg4 19. hxg4 g6 20. Rad1 Rad8 21.
d4 cxd4 22. cxd4 Nc6 23. dxe5 dxe5 24. Rxd8 Rxd8 25. Bxf7 Rd2 26. b3 Nd4 27.
Bd5 b6 28. Bc4 Kg7 29. g5 h6 30. gxh6+ Kxh6 31. Re3 Rd1+ 32. Kh2 Rd2 33. Kg1
Rd1+ 34. Kh2 Rd2 35. Kg1 1/2-1/2

[Event "Vaujany"]
[Site "?"]
[Date "2015.07.13"]
[Round "5.10"]
[White "Laza, Szabolcs"]
[Black "Skomorokhin, Roman"]
[Result "*"]
[WhiteElo "2095"]
[BlackElo "2381"]
[PlyCount "75"]
[SourceDate "2015.07.09"]

1. d4 Nf6 2. c4 b6 3. Nf3 Bb7 4. e3 g6 5. Be2 Bg7 6. O-O O-O 7. b4 c5 8. a3 Ne4
9. Bb2 d5 10. Qb3 dxc4 11. Bxc4 Nd6 12. Be2 cxb4 13. axb4 b5 14. Nbd2 Nd7 15.
Bd3 Nb6 16. e4 e6 17. Rac1 Ndc4 18. Rfe1 Nxb2 19. Qxb2 Na4 20. Qa1 Qd7 21. Nb3
Rfc8 22. Na5 Rxc1 23. Rxc1 a6 24. Nb3 Rd8 25. h3 Rc8 26. Qa3 Bc6 27. Na5 Ba8
28. Nb3 h6 29. Na5 Kh7 30. Nb3 f5 31. e5 Bf8 32. Rxc8 Qxc8 33. Nc5 Nxc5 34.
dxc5 Bxf3 35. gxf3 Be7 36. Be2 Qc6 37. Qd3 Kg7 38. f4 *

[Event "Vaujany"]
[Site "?"]
[Date "2015.07.13"]
[Round "5.11"]
[White "Geenen, Marc"]
[Black "Horvath, Jozsef"]
[Result "0-1"]
[WhiteElo "2231"]
[BlackElo "2535"]
[Annotator "Brunner/Geenen/Horvath"]
[PlyCount "76"]
[EventDate "2015.07.11"]
[SourceDate "2015.07.09"]

1. e4 c5 2. Nf3 Nc6 3. d4 cxd4 4. Nxd4 Qc7 5. Nc3 e6 6. f4 a6 7. Be3 b5 8. Bd3
Bb7 9. Qd2 Nf6 10. e5 Ng4 11. Bg1 Na5 12. Qe2 f5 13. O-O-O Nh6 (13... Bb4 14.
Nxf5) 14. Be3 Be7 15. h3 O-O 16. Rhg1 Bb4 17. Nb1 Bd5 18. a3 Bc5 19. Nc3 Bb7
20. Kb1 Rab8 21. Ndxb5 $1 axb5 22. Nxb5 Qb6 23. Bxc5 Qxc5 24. b4 Qb6 (24... Qe7
25. bxa5) 25. bxa5 Qxa5 26. c4 Nf7 27. g4 Nd8 (27... fxg4 $2 28. Qxg4 $18) 28.
gxf5 exf5 {Diagramme #} 29. Qh5 (29. e6 Nxe6 30. Qe5) 29... Be4 30. Bxe4 fxe4
31. e6 $138 (31. Rxd7 Rxb5+ 32. Ka2 Rb2+) 31... Nxe6 32. Rxd7 Qxa3 33. Qd5 (33.
Rgxg7+ Nxg7 34. Rxg7+ Kxg7 35. Qg5+ Kf7 36. Qd5+ $11) 33... Qb3+ 34. Ka1 Kh8 (
34... Ra8+ 35. Na7 Qa3+ 36. Kb1 Rfb8+ (36... Rxa7 $4 37. Rgxg7+ Kh8 38. Rxh7+
Kg8 39. Qxe6+ $18)) 35. Ra7 Qe3 36. Rgxg7 Nxg7 37. Rxg7 Rxb5 38. cxb5 Qc3+ 0-1

[Event "Vaujany"]
[Site "?"]
[Date "2015.07.13"]
[Round "5.12"]
[White "Olivier, Jean-Christophe"]
[Black "Gautier, Selvan"]
[Result "1-0"]
[WhiteElo "2348"]
[BlackElo "2099"]
[PlyCount "95"]
[SourceDate "2015.07.09"]

1. Nf3 c5 2. c4 g6 3. d4 cxd4 4. Nxd4 Bg7 5. e4 Nc6 6. Be3 Nf6 7. Nc3 Ng4 8.
Qxg4 Nxd4 9. Qd1 Nc6 10. Qd2 d6 11. Be2 Qa5 12. O-O O-O 13. Rfc1 Be6 14. a3
Rfc8 15. b4 Qd8 16. Rab1 Ne5 17. Nd5 Ng4 18. Bg5 Nf6 19. Nxf6+ Bxf6 20. Bxf6
exf6 21. Qd4 Rc7 22. Rc3 Rac8 23. Rbc1 b6 24. h4 f5 25. exf5 Bxf5 26. h5 Be6
27. g3 Qf8 28. h6 d5 29. c5 bxc5 30. bxc5 Qxh6 31. Ba6 Re8 32. c6 Bf5 33. Bf1
Be4 34. Bg2 Qg7 35. Qxg7+ Kxg7 36. f3 Bf5 37. Rc5 Rec8 38. Kf2 Kf6 39. Ke3 Ke7
40. Kd4 Kd6 41. Rxd5+ Ke7 42. f4 Rd8 43. Re1+ Be6 44. Rxd8 Kxd8 45. Kc5 h5 46.
Kd6 Rc8 47. Rb1 Rc7 48. Rb7 1-0

[Event "Vaujany"]
[Site "?"]
[Date "2015.07.13"]
[Round "5.13"]
[White "Bandet, Raphael"]
[Black "Gazik, Igor"]
[Result "0-1"]
[WhiteElo "2165"]
[BlackElo "2327"]
[PlyCount "94"]
[SourceDate "2015.07.09"]

1. e4 c5 2. Nf3 d6 3. d4 cxd4 4. Nxd4 Nf6 5. Nc3 a6 6. Bc4 g6 7. O-O Bg7 8. Bb3
O-O 9. h3 Nbd7 10. f4 Nc5 11. Re1 Nxb3 12. axb3 Re8 13. Be3 Qc7 14. Qd2 b6 15.
Nd5 Qb7 16. Nxf6+ Bxf6 17. Qd3 Qc7 18. Kh1 Bb7 19. c4 Bg7 20. Bd2 e5 21. Nf3 f5
22. Qe3 exf4 23. Qxf4 Bxb2 24. Rad1 Be5 25. Qh4 Bxe4 26. Nxe5 dxe5 27. Bg5 Re6
28. Rd2 Rd6 29. Red1 Rxd2 30. Rxd2 Re8 31. Bd8 Qc6 32. Bf6 a5 33. Qg5 Qe6 34.
h4 f4 35. Re2 Qf5 36. h5 f3 37. Qxf5 gxf5 38. Rd2 fxg2+ 39. Kg1 Kf7 40. Bg5 a4
41. bxa4 Rc8 42. Rd7+ Ke6 43. Re7+ Kd6 44. Rxh7 Rxc4 45. Be3 f4 46. Rh6+ Kd5
47. Bxb6 Rc1+ 0-1

[Event "Vaujany"]
[Site "?"]
[Date "2015.07.13"]
[Round "5.14"]
[White "Navrotescu, Andreea-Cristiana"]
[Black "Vitalyos, Marton"]
[Result "1-0"]
[WhiteElo "2247"]
[BlackElo "2090"]
[PlyCount "95"]
[SourceDate "2015.07.09"]

1. d4 d5 2. c4 c6 3. cxd5 cxd5 4. Bf4 Nc6 5. e3 Bf5 6. Nc3 e6 7. a3 Bd6 8. Bg3
Nge7 9. Nf3 O-O 10. Nh4 Be4 11. f3 Bf5 12. Bf2 e5 13. Nxf5 Nxf5 14. Qd3 exd4
15. exd4 Re8+ 16. Be2 Qg5 17. h4 Qf6 18. O-O-O b5 19. Nxb5 Bf4+ 20. Kb1 Rab8
21. Nc3 Ncxd4 22. Nxd5 Qe5 23. Bxd4 Nxd4 24. Qxd4 Qxd4 25. Rxd4 Rxe2 26. Nxf4
Rbxb2+ 27. Kc1 Rec2+ 28. Kd1 g6 29. Re1 Ra2 30. Re2 Rxe2 31. Nxe2 Rxa3 32. Nc1
h6 33. Kc2 Kg7 34. Kb2 Ra6 35. Kb3 h5 36. Ra4 Rxa4 37. Kxa4 Kf6 38. Nd3 g5 39.
g3 Kf5 40. hxg5 Kxg5 41. Nf2 Kf5 42. Nh3 Ke5 43. Nf4 Kd4 44. Nxh5 Ke3 45. f4
Kf3 46. f5 Kg4 47. Ng7 f6 48. Ka5 1-0

[Event "Vaujany"]
[Site "?"]
[Date "2015.07.13"]
[Round "5.16"]
[White "Gazik, Renata"]
[Black "Yao, Stefano"]
[Result "1-0"]
[WhiteElo "2040"]
[BlackElo "2235"]
[PlyCount "121"]
[SourceDate "2015.07.09"]

1. d4 Nf6 2. Bg5 e6 3. e4 h6 4. Bxf6 Qxf6 5. c3 d6 6. Bd3 g6 7. Ne2 Bg7 8. O-O
e5 9. f4 Qe7 10. fxe5 dxe5 11. d5 O-O 12. Qc2 a5 13. Nd2 h5 14. c4 Na6 15. a3
Nc5 16. b3 Qg5 17. Kh1 Bh6 18. Nf3 Qe3 19. Rad1 Nxd3 20. Qxd3 Re8 21. Nc3 Qc5
22. Nb5 Bd7 23. a4 Ra6 24. Qc3 f6 25. Rd3 Kh7 26. Rfd1 Bf8 27. Rf1 Bg7 28. Qd2
Rd8 29. Nh4 Be8 30. Qe2 Bh6 31. g4 hxg4 32. Qxg4 Bg5 33. Rh3 Bd7 34. Nxg6+ Kg7
35. Rf5 Bxf5 36. exf5 Qb4 37. Nc3 Qa3 38. Qh5 Qc1+ 39. Nd1 Bh6 40. Rg3 Kh7 41.
Ne7 Rf8 42. Kg2 Qf4 43. Nf2 Qd2 44. Qg6+ Kh8 45. Rh3 Qg5+ 46. Ng4 Qd2+ 47. Nf2
Qg5+ 48. Rg3 Qxg6 49. Nxg6+ Kh7 50. Nxf8+ Bxf8 51. Ne4 Be7 52. c5 b6 53. d6
cxd6 54. cxd6 Bd8 55. Rg6 b5 56. Nxf6+ Bxf6 57. Rxf6 bxa4 58. bxa4 Kg7 59. Re6
Kf7 60. d7 Ra8 61. Re8 1-0

[Event "Vaujany"]
[Site "?"]
[Date "2015.07.13"]
[Round "5.17"]
[White "Foisor, Sabina-Francesca"]
[Black "Chung, Mathilde"]
[Result "1-0"]
[WhiteElo "2202"]
[BlackElo "1996"]
[PlyCount "135"]
[SourceDate "2015.07.09"]

1. d4 d5 2. c4 e6 3. Nc3 Bb4 4. Nf3 Nf6 5. Qa4+ Nc6 6. Bg5 dxc4 7. e3 Bd7 8.
Qc2 b5 9. Be2 O-O 10. O-O a6 11. e4 h6 12. Be3 Qc8 13. Ne5 Rd8 14. f4 Be8 15.
Rad1 Qb7 16. Ng4 Nxg4 17. Bxg4 Ba5 18. Qf2 Nb4 19. f5 Nd3 20. Rxd3 exf5 21.
Rdd1 fxg4 22. Qf5 Qc8 23. Qh5 c6 24. Ne2 f6 25. Qh4 h5 26. e5 f5 27. Qg5 Qe6
28. Rxf5 Qg6 29. Rdf1 Qxg5 30. Rf8+ Kh7 31. Bxg5 Rdc8 32. Be7 Bg6 33. Rxc8 Rxc8
34. Bc5 Bd3 35. Kf2 Kg8 36. Ke3 Re8 37. Rf2 Bd8 38. Kd2 Bg5+ 39. Nf4 Kf7 40.
Kc3 Bxf4 41. Rxf4+ Ke6 42. Bf8 g6 43. Rf6+ Kd7 44. Bc5 Be4 45. g3 a5 46. Bb6 a4
47. a3 Re6 48. Rf8 Re8 49. Rf6 Re6 50. Rf4 Bf5 51. Kb4 Kc8 52. Kc5 Kb7 53. Bd8
Re8 54. Bf6 Be6 55. Kd6 Kb6 56. Bd8+ Kb7 57. Rf6 Bf5 58. Rf7+ Ka6 59. Bg5 Kb6
60. d5 c5 61. e6 b4 62. axb4 cxb4 63. Be3+ Kb5 64. Rb7+ Ka5 65. Bd2 c3 66. bxc3
b3 67. c4+ Ka6 68. Rb4 1-0

[Event "Vaujany"]
[Site "?"]
[Date "2015.07.13"]
[Round "5.19"]
[White "Mina, Marco"]
[Black "Navrotescu, Catalin"]
[Result "0-1"]
[WhiteElo "2052"]
[BlackElo "2407"]
[PlyCount "80"]
[SourceDate "2015.07.09"]

1. e4 e6 2. d4 d5 3. Nd2 Nf6 4. e5 Nfd7 5. Bd3 c5 6. c3 Nc6 7. Ne2 cxd4 8. cxd4
f6 9. exf6 Nxf6 10. Nf3 Bd6 11. O-O Qc7 12. Bg5 O-O 13. Bh4 Nh5 14. Qc2 h6 15.
Bg6 Rxf3 16. gxf3 Bxh2+ 17. Kh1 Nf4 18. Ng3 Qd6 19. Nh5 Nxd4 20. Qa4 Nxg6 21.
Qe8+ Nf8 22. Be7 Bd7 23. Nf6+ gxf6 24. Rg1+ Bg3 25. Qxa8 Qxe7 26. Rxg3+ Kh7 27.
Rag1 Nf5 28. Rg8 Be8 29. Rxf8 Qxf8 30. Qxb7+ Qf7 31. Qxf7+ Bxf7 32. Rc1 Kg6 33.
Rc7 a5 34. Ra7 d4 35. f4 e5 36. fxe5 fxe5 37. Kg2 d3 38. Kf1 Nd4 39. Ke1 Nf3+
40. Kf1 Bxa2 0-1

[Event "Vaujany"]
[Site "?"]
[Date "2015.07.14"]
[Round "6.1"]
[White "Gazik, Viktor"]
[Black "Moradiabadi, Elshan"]
[Result "0-1"]
[WhiteElo "2434"]
[BlackElo "2567"]
[PlyCount "144"]
[SourceDate "2015.07.09"]

1. Nf3 d5 2. g3 Nf6 3. Bg2 Bf5 4. O-O e6 5. d3 h6 6. c4 c6 7. Nc3 dxc4 8. dxc4
Qxd1 9. Rxd1 Nbd7 10. h3 Bc5 11. Nd4 Bg6 12. Na4 Be7 13. Be3 O-O-O 14. Rac1 Nb6
15. Nxb6+ axb6 16. a3 Nd7 17. Rd2 e5 18. Nf3 Bc5 19. Bxc5 bxc5 20. Rcd1 e4 21.
Nh4 Bh7 22. g4 Nf6 23. Bf1 Rxd2 24. Rxd2 e3 25. fxe3 Re8 26. Ng2 Kc7 27. Rd1 g5
28. Kf2 Ne4+ 29. Kg1 Nd6 30. Rc1 Ra8 31. e4 Nxe4 32. Ne3 Re8 33. Bg2 Nd6 34.
Kf2 Bg6 35. Bf3 Re6 36. h4 gxh4 37. Rh1 Ne4+ 38. Bxe4 Rxe4 39. Kf3 Rd4 40. Rxh4
h5 41. Rh2 hxg4+ 42. Nxg4 Rxc4 43. e3 Kd6 44. Rd2+ Ke6 45. Nf2 b5 46. Nh3 Be4+
47. Ke2 Ke5 48. Ng5 Bg6 49. Nf3+ Ke6 50. Kf2 f6 51. Rd8 Rc2+ 52. Rd2 Rc1 53.
Ng1 Ke7 54. Ne2 Rh1 55. Ng3 Rh4 56. Kf3 Rc4 57. Kf2 Rg4 58. Ne2 Be4 59. Nc3 Bf5
60. Ne2 Rh4 61. Ng3 Be6 62. Ne2 Rh2+ 63. Kg3 Rh3+ 64. Kf2 Bg4 65. Ng1 Rh2+ 66.
Ke1 Rxd2 67. Kxd2 Ke6 68. Kc3 Kd5 69. b3 Ke5 70. a4 Kd6 71. a5 Kc7 72. Kd3 Kb7
0-1

[Event "Vaujany"]
[Site "?"]
[Date "2015.07.14"]
[Round "6.2"]
[White "Cornette, Matthieu"]
[Black "Nevednichy, Vladislav"]
[Result "1/2-1/2"]
[WhiteElo "2582"]
[BlackElo "2558"]
[PlyCount "57"]
[EventDate "2015.07.11"]
[SourceDate "2015.07.09"]

1. e4 c5 2. Nf3 e6 3. d4 cxd4 4. Nxd4 a6 5. c4 g6 6. Nc3 Bg7 7. Be2 Ne7 8. O-O
O-O 9. Be3 d5 10. exd5 exd5 11. cxd5 Nxd5 12. Nxd5 Qxd5 13. Bf3 Qd8 14. Rc1 Nd7
15. Qb3 Ne5 16. Bxb7 Bxb7 17. Qxb7 Ng4 18. Rcd1 Rb8 19. Qxa6 Nxe3 20. fxe3 Rxb2
{Diagramme #} 21. Ne6 Qa8 22. Qxa8 Rxa8 23. Rd8+ Rxd8 24. Nxd8 f5 25. Rf2 Rb1+
26. Rf1 Rb2 27. Rf2 Rb1+ 28. Rf1 Rb2 29. Rf2 1/2-1/2

[Event "Vaujany"]
[Site "?"]
[Date "2015.07.14"]
[Round "6.3"]
[White "Daulyte, Deimante"]
[Black "Libiszewski, Fabien"]
[Result "1/2-1/2"]
[WhiteElo "2369"]
[BlackElo "2543"]
[PlyCount "61"]
[SourceDate "2015.07.09"]

1. e4 e6 2. d4 d5 3. Nd2 Be7 4. e5 c5 5. c3 Nc6 6. Bd3 Nh6 7. Ndf3 cxd4 8. cxd4
f6 9. exf6 Bxf6 10. Bxh6 gxh6 11. Ne2 Qa5+ 12. Nc3 Bd7 13. Bb5 O-O-O 14. O-O
Qb6 15. Bxc6 Bxc6 16. Na4 Bxa4 17. Qxa4 Rhg8 18. Rfe1 Rg4 19. h3 Re4 20. Qc2+
Qc7 21. Qd2 Qf4 22. Qxf4 Rxf4 23. Rxe6 Bxd4 24. Rc1+ Kb8 25. Nxd4 Rxd4 26. Kf1
Rd2 27. Re2 Rd4 28. Re7 Rd2 29. Re2 Rd4 30. Re7 Rd2 31. Re2 1/2-1/2

[Event "Vaujany"]
[Site "?"]
[Date "2015.07.14"]
[Round "6.4"]
[White "Filip, Lucian"]
[Black "Van Foreest, Jorden"]
[Result "1-0"]
[WhiteElo "2419"]
[BlackElo "2514"]
[PlyCount "141"]
[SourceDate "2015.07.09"]

1. d4 Nf6 2. c4 g6 3. Nc3 d5 4. Nf3 Bg7 5. cxd5 Nxd5 6. e4 Nxc3 7. bxc3 c5 8.
Bb5+ Nc6 9. O-O cxd4 10. cxd4 O-O 11. Be3 Qa5 12. Qa4 Qxa4 13. Bxa4 Rd8 14.
Bxc6 bxc6 15. Rfc1 Bg4 16. Ne5 Bxe5 17. dxe5 Be6 18. a3 Rdc8 19. Rab1 Rc7 20.
Rc5 Kf8 21. h3 Ke8 22. g4 h5 23. gxh5 Bxh3 24. Kh2 Be6 25. Rg1 Kd7 26. Rd1+ Ke8
27. Rg1 Kd7 28. h6 Rh8 29. Rd1+ Kc8 30. Kg3 Kb7 31. Rb1+ Ka8 32. Rbc1 Bd7 33.
e6 Bxe6 34. Rxc6 Rb7 35. Rc7 f6 36. Rxb7 Kxb7 37. Rh1 Rh7 38. Bc5 Bg8 39. e5
Rf7 40. Rb1+ Kc6 41. Bxa7 fxe5 42. Rb6+ Kd5 43. Rxg6 Bh7 44. Ra6 Rf6 45. Ra5+
Ke6 46. Be3 Be4 47. Ra4 Kf5 48. Rc4 Rf8 49. a4 Rg8+ 50. Kh3 Bd5 51. Rc7 Ra8 52.
Rc5 Be4 53. a5 Kf6 54. Kh2 Ke6 55. Rc4 Kf5 56. Ra4 Bb7 57. a6 Bc6 58. Ra1 Be4
59. a7 Rg8 60. Rg1 Rc8 61. Kh3 Rd8 62. Kh4 Bf3 63. Rg7 Ba8 64. Rg5+ Kf6 65. Rg1
Be4 66. Kh3 Bf5+ 67. Kg3 Be4 68. Kh2 Rc8 69. Rg4 Bf3 70. Rb4 Rg8 71. Rb8 1-0

[Event "Vaujany"]
[Site "?"]
[Date "2015.07.14"]
[Round "6.6"]
[White "Dumitrache, Dragos-Nicolae"]
[Black "Gavrilov, Alexei"]
[Result "0-1"]
[WhiteElo "2423"]
[BlackElo "2411"]
[PlyCount "58"]
[EventDate "2015.07.11"]
[SourceDate "2015.07.09"]

1. d4 d5 2. c4 c6 3. e3 Nf6 4. Nf3 Bg4 5. Nbd2 Nbd7 6. Qc2 e6 7. Bd3 Be7 8. b3
c5 9. Bb2 Rc8 10. O-O Bh5 11. Rac1 cxd4 12. exd4 b6 13. Rfe1 O-O 14. Ne5 Bg6
15. Nxg6 hxg6 16. Nf3 Bb4 17. Re3 Qe7 18. Rd1 Ba3 19. Ba1 Rc7 20. Ne5 Nxe5 21.
dxe5 Ng4 22. Rg3 Qh4 23. Rh3 Qg5 24. Qe2 Bc5 25. Rf3 Rd8 26. h3 dxc4 27. bxc4 {
Diagramme #} Nxf2 28. Rxf2 Rcd7 29. Kf1 Rxd3 0-1

[Event "Vaujany"]
[Site "?"]
[Date "2015.07.14"]
[Round "6.7"]
[White "Foisor, Cristina-Adela"]
[Black "Di Nicolantonio, Lucas"]
[Result "1-0"]
[WhiteElo "2366"]
[BlackElo "2421"]
[PlyCount "76"]
[SourceDate "2015.07.09"]

1. g3 e5 2. Bg2 d5 3. d3 Nc6 4. Nd2 Be6 5. e3 Qd7 6. h3 f5 7. Ne2 Nf6 8. a3 Bd6
9. b4 Ne7 10. Bb2 a5 11. f4 e4 12. Nd4 c6 13. dxe4 dxe4 14. bxa5 Rxa5 15. N2b3
Ra4 16. Nxe6 Qxe6 17. Nd4 Qd7 18. Bf1 O-O 19. c4 Rfa8 20. Qb3 Bc5 21. Be2 Qd6
22. Kf2 Bxd4 23. Bxd4 Nd7 24. Rhd1 Nc5 25. Qb2 Nd3+ 26. Bxd3 exd3 27. c5 Qd7
28. Bxg7 Nd5 29. Bd4 Re8 30. Rxd3 Re4 31. Rb1 Ra7 32. Rb3 Nc7 33. Be5 Ne6 34.
Bd6 Nd8 35. g4 fxg4 36. Rg1 h5 37. hxg4 hxg4 38. Qf6 Ne6 1-0

[Event "Vaujany"]
[Site "?"]
[Date "2015.07.14"]
[Round "6.8"]
[White "Bulmaga, Irina"]
[Black "Poulet, Pierre-Emmanuel"]
[Result "1-0"]
[WhiteElo "2393"]
[BlackElo "2299"]
[PlyCount "85"]
[SourceDate "2015.07.09"]

1. e4 c5 2. Nf3 e6 3. d4 cxd4 4. Nxd4 Nc6 5. Nc3 Qc7 6. Be3 a6 7. Be2 b5 8. O-O
Bb7 9. a3 Nf6 10. Kh1 Na5 11. Qd3 Rc8 12. f4 Nc4 13. Bc1 d6 14. Qh3 Be7 15. Bd3
h6 16. b3 Nxa3 17. Nce2 Nc4 18. e5 dxe5 {Diagramme #} 19. Nxe6 fxe6 20. Bg6+
Kd7 21. bxc4 Qxc4 22. Bd3 Qc7 23. fxe5 Qxe5 24. Bf4 Qh5 25. Rfd1 Bd5 26. Qg3
Ra8 27. Nc3 Rhf8 28. Be2 Qf5 29. Nxd5 Nxd5 30. Rxd5+ Qxd5 31. Rd1 Qxd1+ 32.
Bxd1 Rad8 33. Qd3+ Kc6 34. Bf3+ Kb6 35. Qe3+ Bc5 36. Bc7+ Kxc7 37. Qxc5+ Kd7
38. Bc6+ Kc7 39. Bxb5+ Kb7 40. Qc6+ Kb8 41. Qb6+ Kc8 42. Bxa6+ Kd7 43. h3 1-0

[Event "Vaujany"]
[Site "?"]
[Date "2015.07.14"]
[Round "6.9"]
[White "Horvath, Jozsef"]
[Black "Navrotescu, Andreea"]
[Result "1-0"]
[WhiteElo "2535"]
[BlackElo "2247"]
[PlyCount "55"]
[SourceDate "2015.07.09"]

1. d4 Nf6 2. Nf3 g6 3. g3 Bg7 4. Bg2 d5 5. O-O O-O 6. Be3 Bf5 7. Qc1 Qc8 8. Rd1
Ng4 9. Bf4 c5 10. Nc3 cxd4 11. Nxd4 Bxd4 12. Rxd4 e5 {Diagramme #} 13. Nxd5 Nc6
(13... Qc5 14. Bxe5 Nxe5 15. Qh6) 14. Rc4 exf4 15. Rxc6 Qe8 16. Rc4 Qxe2 17.
Qxf4 Rac8 (17... Nxf2 18. Nc3) 18. Rxc8 Rxc8 19. h3 Nxf2 20. g4 Rxc2 21. gxf5
Nd3 22. Qb8+ Kg7 23. f6+ Kh6 24. Qg3 $18 Rxb2 25. Rf1 g5 26. h4 Qd2 27. hxg5+
Qxg5 28. Qh3+ (28. Qh3+ Kg6 (28... Qh5 29. Qxd3 $18) 29. Qxd3+ $18) 1-0

[Event "Vaujany"]
[Site "?"]
[Date "2015.07.14"]
[Round "6.10"]
[White "Skomorokhin, Roman"]
[Black "Gazik, Renata"]
[Result "1-0"]
[WhiteElo "2381"]
[BlackElo "2040"]
[PlyCount "141"]
[SourceDate "2015.07.09"]

1. d4 Nf6 2. c4 e6 3. Nf3 b6 4. e3 Bb7 5. Bd3 Bb4+ 6. Nbd2 c5 7. O-O cxd4 8.
exd4 O-O 9. b3 Bc3 10. Rb1 Nc6 11. Ba3 Re8 12. Ne4 Nxe4 13. Bxe4 f5 14. Bxc6
Bxc6 15. Qd3 Bxf3 16. Qxc3 Bb7 17. Bd6 Qg5 18. f3 h5 19. Rb2 h4 20. f4 Qh6 21.
h3 Be4 22. Kh2 Kf7 23. Rbf2 Rg8 24. Qe3 Rac8 25. Rg1 Rc6 26. c5 b5 27. g4 hxg3+
28. Rxg3 Rh8 29. Be5 Rh7 30. Rf1 Rc8 31. Rfg1 Rg8 32. Rg5 Qh4 33. R1g3 g6 34.
Qe2 Bc6 35. Bd6 Rgh8 36. Qf1 Rh5 37. Be5 Rxg5 38. fxg5 Rh7 39. Bf4 Rh8 40. Qf2
Be4 41. Qd2 Bc6 42. Kg1 a6 43. Kf2 a5 44. Ke3 Ra8 45. a3 Bd5 46. Qd3 Bc6 47.
Qf1 Ra7 48. Kd2 Ra8 49. Qf2 Bd5 50. Kc2 Rc8 51. Kb2 Ra8 52. Qe3 Be4 53. Be5 Bd5
54. Rg1 Qe4 55. Qxe4 Bxe4 56. Rf1 Rc8 57. Rf4 d6 58. Bxd6 Rh8 59. h4 Ke8 60.
Be5 Rh7 61. b4 axb4 62. axb4 Kd7 63. d5 Bxd5 64. Kc3 Be4 65. Kd4 Kc6 66. Bd6
Rf7 67. Ke5 Bd5 68. h5 gxh5 69. g6 Rg7 70. Kf6 Rg8 71. Be5 1-0

[Event "Vaujany"]
[Site "?"]
[Date "2015.07.14"]
[Round "6.11"]
[White "Nastro, Federico"]
[Black "Foisor, Ovidiu-Doru"]
[Result "0-1"]
[WhiteElo "1941"]
[BlackElo "2374"]
[PlyCount "58"]
[SourceDate "2015.07.09"]

1. e4 c5 2. Nf3 a6 3. c3 e6 4. d4 d5 5. e5 Bd7 6. Bd3 cxd4 7. cxd4 Bb5 8. O-O
Nc6 9. Nc3 Bxd3 10. Qxd3 Nge7 11. Bg5 h6 12. Bh4 Qb6 13. Bxe7 Bxe7 14. Rac1 O-O
15. g3 Rfc8 16. Rfd1 Rc7 17. Nh4 Rac8 18. Nf5 Qxb2 19. Rb1 Qa3 20. Rb3 Qa5 21.
Qf3 exf5 22. Nxd5 Rd7 23. Nb6 Nxd4 24. Qd3 Rcd8 25. Nxd7 Rxd7 26. Rb2 Qd5 27.
Qxd4 Qxd4 28. Rxd4 Rxd4 29. Rxb7 Bc5 0-1

[Event "Vaujany"]
[Site "?"]
[Date "2015.07.14"]
[Round "6.12"]
[White "Ravot, Sylvain"]
[Black "Olivier, Jean-Christophe"]
[Result "0-1"]
[WhiteElo "2238"]
[BlackElo "2348"]
[PlyCount "86"]
[SourceDate "2015.07.09"]

1. e4 c5 2. Nf3 Nc6 3. d4 cxd4 4. Nxd4 e6 5. Nc3 Qc7 6. Be3 a6 7. Qd2 Nf6 8. f3
Bb4 9. a3 Be7 10. g4 h6 11. Be2 b5 12. Nb3 Ne5 13. Qd4 Bb7 14. O-O O-O 15. Bf4
d6 16. Bg3 Rac8 17. a4 Nc6 18. Qd2 b4 19. Na2 e5 20. Bf2 d5 21. exd5 Nxd5 22.
Bd3 Nf4 23. Be4 Rfd8 24. Qe1 Nh3+ 25. Kg2 Nxf2 26. Qxf2 Nd4 27. Nxd4 Rxd4 28.
c3 {Diagramme #} Rxe4 29. fxe4 Bxe4+ 30. Kh3 f5 31. Qe2 Qd7 32. Rad1 Qe6 33.
gxf5 Bxf5+ 34. Rxf5 Qxf5+ 35. Qg4 Qxg4+ 36. Kxg4 a5 37. Rd5 b3 38. Nc1 Rxc3 39.
Rd1 Rc4+ 40. Kf5 e4 41. Nxb3 e3 42. Re1 Kf7 43. Rxe3 Bd6 0-1

[Event "Vaujany"]
[Site "?"]
[Date "2015.07.14"]
[Round "6.13"]
[White "Gazik, Igor"]
[Black "Laza, Szabolcs"]
[Result "1-0"]
[WhiteElo "2327"]
[BlackElo "2095"]
[PlyCount "89"]
[SourceDate "2015.07.09"]

1. Nf3 d5 2. d4 Nf6 3. e3 c5 4. Bd3 Nc6 5. c3 e6 6. Nbd2 Bd6 7. O-O O-O 8. dxc5
Bxc5 9. e4 Qc7 10. Qe2 e5 11. exd5 Nxd5 12. Qe4 Nf6 13. Qh4 Qd7 14. Bb5 Re8 15.
Ne4 Be7 16. Nxf6+ Bxf6 17. Bg5 Bxg5 18. Nxg5 h6 19. Ne4 Qg4 20. Qxg4 Bxg4 21.
Nd6 Re7 22. Nxb7 Nd8 23. Nc5 Rb8 24. a4 f5 25. f3 Bh5 26. Rfe1 Nf7 27. Rad1 e4
28. Rd5 Bg6 29. fxe4 fxe4 30. Re3 Ng5 31. b4 Rf8 32. Rd6 Bf5 33. Nd7 Rfe8 34.
Rd5 Be6 35. Rd4 Bf5 36. h4 Nf7 37. Rd5 Be6 38. Rd4 Bf5 39. Nc5 Rc8 40. Rd5 Ne5
41. Re2 g6 42. Nxe4 Ng4 43. Rc5 Rd8 44. Nf6+ Kf8 45. Nxg4 1-0

[Event "Vaujany"]
[Site "?"]
[Date "2015.07.14"]
[Round "6.14"]
[White "Van Foreest, Lucas"]
[Black "Foisor, Sabina-Francesca"]
[Result "1-0"]
[WhiteElo "2294"]
[BlackElo "2202"]
[PlyCount "59"]
[EventDate "2015.07.11"]
[SourceDate "2015.07.09"]

1. e4 e6 2. d4 d5 3. Nd2 c5 4. exd5 Qxd5 5. Ngf3 cxd4 6. Bc4 Qd6 7. O-O Nf6 8.
Nb3 Nc6 9. Nbxd4 Nxd4 10. Nxd4 a6 11. c3 Be7 12. Qe2 O-O 13. Nf3 Qc7 14. Re1
Bd6 15. a4 Bd7 16. Bb3 Bc6 17. h3 Bd5 18. Bxd5 Nxd5 19. Bd2 Rac8 20. Rad1 Rfe8
21. Bc1 Bf8 22. Rd4 Ne7 23. Bf4 Qa5 24. Qe4 Nc6 25. Rd7 Re7 26. Ng5 f5 27. Qe2
Rce8 28. Rxe7 Rxe7 29. Bd6 Re8 30. Qh5 1-0

[Event "Vaujany"]
[Site "?"]
[Date "2015.07.14"]
[Round "6.15"]
[White "Navrotescu, Catalin"]
[Black "Nelis, Jean-Francois"]
[Result "1-0"]
[WhiteElo "2407"]
[BlackElo "2156"]
[PlyCount "63"]
[SourceDate "2015.07.09"]

1. c4 g6 2. d4 Nf6 3. Nc3 d5 4. cxd5 Nxd5 5. e4 Nxc3 6. bxc3 Bg7 7. Be3 c5 8.
Qd2 Qa5 9. Rc1 cxd4 10. cxd4 Qxd2+ 11. Kxd2 O-O 12. Nf3 Nc6 13. Bb5 Rd8 14.
Bxc6 bxc6 15. Rc5 f5 16. Rhc1 Rb8 17. e5 Be6 18. Rxc6 Bd5 19. R6c5 Bxf3 20.
gxf3 f4 21. Bxf4 Rxd4+ 22. Ke3 Ra4 23. R1c2 Rbb4 24. Bg5 Ra3+ 25. Ke2 Kf7 26.
Rc7 Bf8 27. Bc1 Raa4 28. Be3 Bg7 29. Bc5 Rc4 30. Rxe7+ Kg8 31. Rxc4 Rxc4 32.
Bxa7 1-0

[Event "Vaujany"]
[Site "?"]
[Date "2015.07.14"]
[Round "6.18"]
[White "Chung, Mathilde"]
[Black "Bandet, Raphael"]
[Result "0-1"]
[WhiteElo "1996"]
[BlackElo "2165"]
[PlyCount "100"]
[SourceDate "2015.07.09"]

1. d4 Nf6 2. c4 g6 3. Nc3 Bg7 4. e4 d6 5. Nf3 O-O 6. Be2 e5 7. O-O Nc6 8. d5
Ne7 9. b4 Nh5 10. c5 Nf4 11. Bxf4 exf4 12. Rc1 h6 13. Nd4 Kh8 14. a4 a6 15. a5
Ng8 16. Na4 Qf6 17. Rc4 Re8 18. Qd3 Bd7 19. c6 bxc6 20. Nxc6 g5 21. h3 Qg6 22.
Bg4 Nf6 23. Bxd7 Nxd7 24. Nc3 Bf6 25. Ne2 Rg8 26. Rfc1 Rg7 27. Kf1 h5 28. Ke1
Qh6 29. Qd2 Re8 30. f3 g4 31. Ned4 gxh3 32. gxh3 Reg8 33. Kd1 Rg2 34. Ne2 R8g3
35. Kc2 Rxf3 36. Rg1 Rff2 37. Rxg2 Rxg2 38. Kb3 Bg7 39. Qd1 f3 40. Ned4 Qf6 41.
Rc3 Ne5 42. Nxe5 Qxe5 43. Rd3 f2 44. Qe2 Qxd4 45. Rxd4 Bxd4 46. Qc4 Kg8 47.
Qxa6 Rg1 48. Qc4 Rb1+ 49. Ka4 f1=Q 50. Qxd4 Ra1+ 0-1

[Event "Vaujany"]
[Site "?"]
[Date "2015.07.14"]
[Round "6.27"]
[White "Grange, Romain"]
[Black "Houard, Sebastien"]
[Result "0-1"]
[WhiteElo "1811"]
[BlackElo "2162"]
[PlyCount "72"]
[SourceDate "2015.07.09"]

1. b3 e5 2. Bb2 Nc6 3. e3 Bc5 4. d4 exd4 5. exd4 Bb4+ 6. c3 Be7 7. d5 Ne5 8.
Nf3 Ng6 9. Bc4 Nf6 10. O-O O-O 11. Re1 Bc5 12. Ba3 d6 13. Qd2 Bb6 14. Bd3 Ng4
15. Nd4 N6e5 16. h3 Nxf2 17. Kxf2 Qh4+ 18. Ke2 Bxh3 19. Kd1 Bg4+ 20. Be2 Rae8
21. Kc1 Qxe1+ 22. Qxe1 Nd3+ 23. Kd2 Nxe1 24. Bxg4 Nxg2 25. Nf5 g6 26. Nxd6 Be3+
27. Kc2 cxd6 28. Bxd6 f5 29. Bxf8 Kxf8 30. Be2 Bc5 31. Bc4 Re1 32. Kd2 Be3+ 33.
Kc2 h5 34. d6 Bc5 35. Kd2 Bxd6 36. Bd3 Bf4+ 0-1